Teoria general del Estado/ (Registro nro. 7969)

Detalles MARC
000 -LEADER
fixed length control field 01406nam a2200205Ia 4500
005 - FECHA Y HORA DE LA ÚLTIMA TRANSACCIÓN
control field 20230428141641.0
008 - FIXED-LENGTH DATA ELEMENTS--GENERAL INFORMATION
fixed length control field 230427s9999 xx 000 0 und d
020 ## - INTERNATIONAL STANDARD BOOK NUMBER
International Standard Book Number 9684524560
040 ## - CATALOGING SOURCE
Original cataloging agency UPAN
Transcribing agency Biblioteca San Vicente
Description conventions RCAA2
041 ## - LANGUAGE CODE
Language code of text/sound track or separate title spa
082 ## - DEWEY DECIMAL CLASSIFICATION NUMBER
Classification number 341.26
Item number S487t
100 ## - MAIN ENTRY--PERSONAL NAME
Personal name Serra Rojas, Andres
Relator code aut.
245 #0 - TITLE STATEMENT
Title Teoria general del Estado/
Remainder of title Andres Serra Rojas
250 ## - EDITION STATEMENT
Edition statement 12° ed.
260 ## - PUBLICATION, DISTRIBUTION, ETC. (IMPRINT)
Place of publication, distribution, etc Mexico:
Name of publisher, distributor, etc Porrúa,
Date of publication, distribution, etc 1993
300 ## - PHYSICAL DESCRIPTION
Extent 849 p.:
Dimensions 23 cm.
505 ## - FORMATTED CONTENTS NOTE
Formatted contents note Primera parte. Teorìa del Estado<br/>Capitulo I. Teorìa del Estado<br/>Capitulo II. Mètodo de la teorìa del Estado<br/>Capitulo III. Origen del Estado<br/>Capitulo IV. Conceptos y definiciones del Estado<br/>Capitulo V. La estructura del Estado<br/>Capitulo VI. Fines y justificaciòn del Estado. Los ideales del Estado<br/>Capitulo VII. La soberanìa<br/>Capitulo VIII. Formas de Estado y de Gobierno<br/>Capitulo IX. La formaciòn, modifiicaciòn y extinciòn de los Estados<br/>Capitulo X. Tendencias del Estado contemporàneo <br/>Capitulo XI. El fortalecimiento del Estado democràtico<br/>Segunda parte. Bosquejo històrico de ideas e instituciones polìticas<br/>Capitulo XII. Las formas y las ideas polìticas en la antiguedad<br/>Capitulo XIII. Las formas y las ideas polìticas de la Edad Media<br/>Capitulo XIV. Formas e ideas polìticas en la Època Moderna<br/>Capitulo XV. En la Època Contemporànea
650 ## - SUBJECT ADDED ENTRY--TOPICAL TERM
Source of heading or term LEMB
Topical term or geographic name as entry element Estado
942 ## - ADDED ENTRY ELEMENTS (KOHA)
Koha item type Libros
Source of classification or shelving scheme Dewey Decimal Classification
Existencias
Withdrawn status Lost status Source of classification or shelving scheme Damaged status Not for loan Collection code Home library Current library Date acquired Total Checkouts Full call number Barcode Date last seen Price effective from Koha item type
    Dewey Decimal Classification     Colección General Biblioteca UPAN San Vicente Biblioteca UPAN San Vicente 27/04/2023   341.26 S487t 12000580 27/04/2023 27/04/2023 Libros